Klicke die US-Staaten auf der Karte - Statistiken

Allgemein
  • Dieses Quiz wurde 709 mal gespielt
  • Das Durchschnittsergebnis liegt bei 33 aus 50
Antworten auf der Karte
Die Antworten werden auf der Karte rot bzw. grün angezeigt, abhängig davon wie oft sie richtig erraten wurden.
 
Antwortstatistiken
Antwort % Korrekt
Kalifornien
88%
Alaska
87%
Hawaii
87%
Texas
87%
Florida
86%
Washington
78%
North Dakota
76%
South Dakota
76%
New Mexico
74%
Nevada
73%
Rhode Island
73%
New Hampshire
71%
Arizona
70%
Michigan
70%
Montana
70%
Vermont
70%
Oregon
69%
New York
68%
North Carolina
68%
Connecticut
67%
Maine
67%
South Carolina
67%
Tennessee
67%
Pennsylvania
66%
Colorado
65%
Louisiana
65%
New Jersey
65%
Illinois
63%
Kentucky
63%
Ohio
63%
Maryland
62%
Oklahoma
62%
Utah
62%
Virginia
62%
Georgia
61%
Kansas
61%
Mississippi
61%
West Virginia
61%
Idaho
60%
Massachusetts
59%
Minnesota
59%
Wyoming
59%
Indiana
58%
Alabama
57%
Nebraska
57%
Wisconsin
56%
Delaware
54%
Arkansas
53%
Iowa
51%
Missouri
51%
Keine übereinstimmenden Quizze gefunden
Verteilung der Resultate
Anzahl Personen mit jedem Resultat
Perzentil nach korrekt beantworteten Fragen
Ihre Resultats-Entwicklung
Sie haben dieses Quiz noch nicht gespielt